History Quiz

Random History or Quote Quiz
Score 0/72 Timer 05:00
1 Play Today
Quote % Correct
for
99%
for
99%
for
99%
for
99%
for
99%
for
99%
man
98.3%
step
98.2%
mankind.
97.1%
one
97.1%
one
97%
small
96.9%
leap
96.2%
giant
95.3%
you
88.7%
you
88.7%
not
87.8%
not
87.8%
do
87.7%
do
87.7%
can
87.5%
can
87.5%
what
87.5%
what
87.5%
country
87.2%
country.
87.2%
your
86.9%
your
86.9%
Ask
85.7%
ask
85.7%
the
77.9%
the
77.9%
the
77.9%
the
77.9%
the
77.9%
the
77.9%
Quote % Correct
That
63.7%
An
54.8%
an
54.8%
That's
54.5%
of
50.4%
of
50.4%
by
49.4%
by
49.4%
people
48.9%
people
48.9%
people
48.9%
eye
46.6%
eye
46.6%
in
43.3%
to
41.9%
world
41.4%
blind.
36.5%
shall
36.2%
whole
35.2%
government
35.2%
from
35.1%
makes
34.2%
so
32.5%
so
32.5%
so
32.5%
Earth.
29.7%
perish
28.6%
Never
27.4%
many
24.5%
few.
24.3%
was
23.6%
much
21.1%
human
18.4%
owed
16.9%
field
8.8%
conflict
8.7%
Remove Ads.
Support Sporcle.
Get the best of Sporcle when you Go Orange. This ad-free experience offers more features, more stats, and more fun while also helping to support Sporcle. Thank you for becoming a member.

You're not logged in!

Compare scores with friends on all Sporcle quizzes.
OR
Log In

Show Comments

Extras

Top Quizzes Today


Score Distribution

Your Account Isn't Verified!

In order to create a playlist on Sporcle, you need to verify the email address you used during registration. Go to your Sporcle Settings to finish the process.

Report this User

Report this user for behavior that violates our Community Guidelines.

Details: